[Event "SCCA Ch 2001-2"]
[Site "?"]
[Date "2001.??.??"]
[Round "?"]
[White "Cumming, David R"]
[Black "Brown, Alan C"]
[Result "0-1"]
[WhiteElo "2123"]
[BlackElo "2271"]
[PlyCount "94"]
[EventDate "2001.??.??"]

1. d4 Nf6 2. c4 c5 3. d5 b5 4. cxb5 a6 5. b6 Qxb6 6. Nc3 g6 7. e4 d6 8. Nf3 Bg7
9. Nd2 Nbd7 10. Nc4 Qb7 11. Be2 O-O 12. O-O Nb6 13. Ne3 Rb8 14. a4 Rd8 15. a5
Na8 16. Qd3 Nc7 17. Ra3 e6 18. dxe6 Nxe6 19. Nc2 Qc7 20. Rd1 Bb7 21. f4 d5 22.
e5 Ne8 23. Bg4 d4 24. Na2 Bd5 25. Qg3 Rb5 26. b4 Bc4 27. bxc5 Qxc5 28. Qf2 N8c7
29. Ne1 Rb3 30. Rxb3 Bxb3 31. Nd3 Qc4 32. Nab4 Bxd1 33. Bxd1 Nd5 34. Qa2 Qb5
35. Nxd5 Rxd5 36. Bc2 Qxa5 37. Ba4 Rd8 38. Bd2 Qb6 39. Bc2 Rb8 40. h3 Qb5 41.
h4 Bf8 42. h5 gxh5 43. Be1 Bh6 44. Bd2 Kh8 45. Bc1 Rg8 46. Bb1 Qb7 47. Kf1 h4
0-1

[Event "SCCA Ch 2001-2"]
[Site "?"]
[Date "2001.??.??"]
[Round "?"]
[White "Brown, Alan C"]
[Black "May, Mark A"]
[Result "1/2-1/2"]
[WhiteElo "2271"]
[BlackElo "2160"]
[PlyCount "71"]
[EventDate "2001.??.??"]

1. c4 e5 2. g3 Nf6 3. Bg2 c6 4. d4 Bb4+ 5. Bd2 Bxd2+ 6. Qxd2 d6 7. dxe5 dxe5 8.
Qxd8+ Kxd8 9. Nf3 Re8 10. Nc3 Bf5 11. Rd1+ Nbd7 12. O-O Kc7 13. Rd2 h6 14. Rfd1
Rad8 15. b4 Be6 16. b5 Bxc4 17. bxc6 bxc6 18. Rc2 Nb6 19. Rxd8 Kxd8 20. Nh4 e4
21. Nf5 Re5 22. Nd6 Bd5 23. f4 exf3 24. Bxf3 Kd7 25. Nxd5 Nbxd5 26. Nxf7 Re8
27. Rc5 Ke6 28. e4 Nb4 29. e5 Kxf7 30. exf6 Re1+ 31. Kg2 Ra1 32. fxg7 Rxa2+ 33.
Kh3 Kxg7 34. Bxc6 Nxc6 35. Rxc6 a5 36. Rc7+ 1/2-1/2

[Event "SCCA Ch 2001-2"]
[Site "?"]
[Date "2001.??.??"]
[Round "?"]
[White "May, Mark A"]
[Black "Cumming, David R"]
[Result "1-0"]
[WhiteElo "2160"]
[BlackElo "2123"]
[PlyCount "97"]
[EventDate "2001.??.??"]

1. e4 c5 2. Nf3 Nc6 3. d4 cxd4 4. Nxd4 g6 5. c4 Nf6 6. Nc3 d6 7. Be2 Nxd4 8.
Qxd4 Bg7 9. Bg5 O-O 10. Qd2 Be6 11. O-O a6 12. Rac1 b5 13. cxb5 axb5 14. a3 Rb8
15. Bxf6 Bxf6 16. Nxb5 d5 17. exd5 Qxd5 18. Qxd5 Bxd5 19. b4 Bb3 20. Rc5 Rfd8
21. Rb1 Rd2 22. Rxb3 Rxe2 23. Kf1 Rd2 24. Ke1 Ra2 25. Rd3 Rb6 26. Rd2 Re6+ 27.
Kd1 Ra1+ 28. Kc2 Kg7 29. Kd3 h5 30. g3 h4 31. Kc4 Re4+ 32. Kb3 Rh1 33. Nc7 Ba1
34. Ne8+ Kh7 35. gxh4 Rxh2 36. Nc7 Rh3+ 37. Ka4 Rhxh4 38. Rc1 Bg7 39. Rd7 Rh3
40. Rc2 Kh6 41. Nd5 Rd4 42. Nb6 Rxd7 43. Nxd7 Rh4 44. Ka5 Rh3 45. a4 Rh5+ 46.
b5 Rd5 47. Nc5 Bd4 48. Kb4 Be5 49. b6 1-0

[Event "SCCA Ch 2001-2"]
[Site "?"]
[Date "2001.??.??"]
[Round "?"]
[White "Reeman, Ian F"]
[Black "Kilgour, David A"]
[Result "1/2-1/2"]
[WhiteElo "2204"]
[BlackElo "2509"]
[PlyCount "90"]
[EventDate "2001.??.??"]

1. e4 c5 2. c3 d5 3. exd5 Qxd5 4. d4 Nf6 5. Nf3 Bg4 6. Nbd2 Nc6 7. Bc4 Bxf3 8.
gxf3 Qf5 9. Nb3 e6 10. Bb5 a6 11. Bxc6+ bxc6 12. Be3 cxd4 13. Nxd4 Qa5 14. Qb3
c5 15. Nxe6 fxe6 16. Qxe6+ Be7 17. Rg1 g6 18. Rg5 Qc7 19. Re5 Rf8 20. O-O-O Rd8
21. Bxc5 Rxd1+ 22. Kxd1 Rf7 23. Kc1 Ng8 24. Qxa6 Kf8 25. Bxe7+ Nxe7 26. Qe2 Qd7
27. Qd2 Qxd2+ 28. Kxd2 Rxf3 29. Re2 Ke8 30. Kc2 Kd7 31. a4 Nd5 32. a5 Kc6 33.
Rd2 Rh3 34. a6 Rxh2 35. b4 Rh1 36. Kb3 Rb1+ 37. Kc4 Nb6+ 38. Kd4 Kb5 39. Ra2
Rd1+ 40. Ke5 Na4 41. a7 Rd8 42. Rd2 Re8+ 43. Kf6 Nxc3 44. f3 Kb6 45. Rd7 Nb5
1/2-1/2

[Event "SCCA Ch 2001-2"]
[Site "?"]
[Date "2001.??.??"]
[Round "?"]
[White "Mackintosh, Iain"]
[Black "May, Mark A"]
[Result "1/2-1/2"]
[WhiteElo "2304"]
[BlackElo "2160"]
[PlyCount "73"]
[EventDate "2001.??.??"]

1. e4 c5 2. Nf3 e6 3. d4 cxd4 4. Nxd4 Qb6 5. Nb3 Qc7 6. Nc3 a6 7. Bd3 b5 8. O-O
Bb7 9. Qe2 d6 10. a4 b4 11. Na2 Nf6 12. Bf4 Nc6 13. Qd2 Rb8 14. Nc5 e5 15. Nxb7
exf4 16. Bxa6 Rxb7 17. Bxb7 Qxb7 18. Rfe1 f3 19. gxf3 Be7 20. c3 bxc3 21. Nxc3
O-O 22. Nd5 Ne5 23. Nxe7+ Qxe7 24. Qe3 Qd7 25. Kg2 d5 26. Qd4 Ng6 27. exd5 Nxd5
28. Kh1 Ngf4 29. Re4 Ne6 30. Qd2 Rc8 31. Rd1 Rd8 32. Re5 Nec7 33. a5 Qd6 34.
Qd4 Qc6 35. Qc3 Qd6 36. Qd4 Qc6 37. Qc3 1/2-1/2

[Event "SCCA Ch 2001-2"]
[Site "?"]
[Date "2001.??.??"]
[Round "?"]
[White "Brown, Alan C"]
[Black "Kilgour, David A"]
[Result "1/2-1/2"]
[WhiteElo "2271"]
[BlackElo "2509"]
[PlyCount "100"]
[EventDate "2001.??.??"]

1. c4 e5 2. g3 d6 3. Bg2 c6 4. Nc3 Be6 5. d3 Qc8 6. Nf3 Bh3 7. Bxh3 Qxh3 8. Qb3
Qd7 9. e4 Na6 10. Be3 Nf6 11. d4 exd4 12. Bxd4 Be7 13. Rd1 O-O 14. O-O Rfe8 15.
Rfe1 Qc7 16. Nh4 g6 17. e5 Nd7 18. exd6 Bxd6 19. Ne4 Rxe4 20. Rxe4 Nac5 21. Qf3
Nxe4 22. Qxe4 Nc5 23. Qe3 Ne6 24. Nf3 Qe7 25. Bc3 Bb4 26. Ne5 Rd8 27. Rxd8+
Nxd8 28. Bxb4 Qxb4 29. Nd3 Qd6 30. f4 Ne6 31. Kf2 Qd8 32. b4 a5 33. a3 axb4 34.
axb4 Qd6 35. g4 b5 36. cxb5 cxb5 37. h3 Qd5 38. g5 h5 39. gxh6 Nd4 40. Nc1 Nf5
41. Qd3 Qb7 42. Ne2 Kh7 43. Qc3 Qd5 44. Qc5 Qd8 45. Ke1 Qh4+ 46. Kd2 Qxh3 47.
Qxb5 Qe3+ 48. Kc2 Qe4+ 49. Kd2 Qe3+ 50. Kc2 Qe4+ 1/2-1/2

[Event "SCCA Ch 2001-2"]
[Site "?"]
[Date "2001.??.??"]
[Round "?"]
[White "Milligan, Bernard"]
[Black "Mackintosh, Iain"]
[Result "0-1"]
[WhiteElo "2406"]
[BlackElo "2304"]
[PlyCount "92"]
[EventDate "2001.??.??"]

1. d4 Nf6 2. c4 c5 3. d5 e6 4. Nc3 exd5 5. cxd5 d6 6. e4 g6 7. f4 Bg7 8. Bb5+
Nfd7 9. a4 O-O 10. Nh3 a6 11. Be2 Re8 12. O-O Bxc3 13. bxc3 Nf6 14. Nf2 Nxe4
15. Nxe4 Rxe4 16. Bd3 Re8 17. c4 Nd7 18. Bb2 b6 19. Qd2 Bb7 20. Qc3 f6 21. Rae1
Rxe1 22. Rxe1 Qf8 23. Qc2 Kf7 24. f5 g5 25. Re6 Rd8 26. Be2 Bc8 27. h4 h6 28.
Qb3 Kg8 29. hxg5 hxg5 30. Bh5 Ne5 31. Qxb6 Bxe6 32. dxe6 Qe7 33. Qb3 Qc7 34.
Qd1 Rb8 35. Bc3 Kg7 36. Qc1 Qb7 37. Qe1 Rh8 38. Bd1 Nxc4 39. Bf3 Qb3 40. Bd1
Qb1 41. Be2 Qxe1+ 42. Bxe1 Ne3 43. g4 Rh3 44. Bf2 Kf8 45. a5 Ke7 46. Bxe3 Rxe3
0-1

[Event "SCCA Ch 2001-2"]
[Site "?"]
[Date "2001.??.??"]
[Round "?"]
[White "Kilgour, David A"]
[Black "May, Mark A"]
[Result "1/2-1/2"]
[WhiteElo "2509"]
[BlackElo "2160"]
[PlyCount "82"]
[EventDate "2001.??.??"]

1. d4 Nf6 2. Nf3 b6 3. Bf4 Bb7 4. e3 e6 5. Nbd2 Be7 6. h3 c5 7. c3 O-O 8. Bd3
cxd4 9. exd4 d6 10. O-O Nbd7 11. Re1 Re8 12. a4 Qc7 13. a5 bxa5 14. Nc4 a4 15.
Rxa4 Nb6 16. Nxb6 axb6 17. Rxa8 Rxa8 18. Nd2 Qc6 19. Nf3 Ba6 20. Bb1 Bc4 21.
Nd2 Bd5 22. Qe2 b5 23. Kh2 Ra7 24. Be3 Rc7 25. Bd3 Bc4 26. Nxc4 bxc4 27. Bc2
Rc8 28. Ra1 d5 29. Bf4 Bd6 30. Bxd6 Qxd6+ 31. g3 Rb8 32. Ra2 Qb6 33. Kg2 Qb7
34. Qe5 Rd8 35. Qf4 Kh8 36. g4 Rc8 37. g5 Ne8 38. h4 Kg8 39. h5 f6 40. Qg4 Qb6
41. f4 Rb8 1/2-1/2

[Event "SCCA Ch 2001-2"]
[Site "?"]
[Date "2001.??.??"]
[Round "?"]
[White "Jessing, Michael"]
[Black "Kilgour, David A"]
[Result "1/2-1/2"]
[WhiteElo "2035"]
[BlackElo "2509"]
[PlyCount "113"]
[EventDate "2001.??.??"]

1. d4 Nf6 2. c4 c5 3. d5 e6 4. Nc3 exd5 5. cxd5 d6 6. e4 g6 7. Nf3 Bg7 8. h3
O-O 9. Bd3 Re8 10. O-O Bd7 11. Re1 b5 12. a3 Qb6 13. Bf4 c4 14. Bc2 Na6 15. e5
dxe5 16. Bxe5 Nc5 17. Qd2 Bf5 18. Bd4 Bxc2 19. Qxc2 a6 20. Rad1 Rxe1+ 21. Rxe1
Qd6 22. Bxc5 Qxc5 23. Qd2 Rd8 24. Rd1 a5 25. Qd4 Qxd4 26. Rxd4 b4 27. axb4 axb4
28. Na4 c3 29. bxc3 Nxd5 30. Rc4 bxc3 31. Kf1 Bf6 32. Ne1 Rd6 33. Nc2 Kg7 34.
Na3 Nb6 35. Nxb6 Rxb6 36. Nc2 Rb2 37. Ne3 h5 38. g4 hxg4 39. hxg4 Ra2 40. g5
Bxg5 41. Rxc3 Bh4 42. Rc2 Rxc2 43. Nxc2 Be7 44. Ke2 Bc5 45. f3 Kf6 46. Ne1 g5
47. Ng2 Kf5 48. Ne1 f6 49. Nd3 Bd4 50. Kf1 Ke6 51. Kg2 f5 52. Kf1 Kd5 53. Ke2
Kc4 54. Ne1 Bc5 55. Nd3 Kd4 56. Ne1 Bb6 57. Nd3 1/2-1/2

[Event "SCCA Ch 2001-2"]
[Site "?"]
[Date "2001.??.??"]
[Round "?"]
[White "Kilgour, David A"]
[Black "Cumming, David R"]
[Result "1-0"]
[WhiteElo "2509"]
[BlackElo "2123"]
[PlyCount "57"]
[EventDate "2001.??.??"]

1. d4 Nf6 2. Nf3 g6 3. Bf4 Bg7 4. e3 O-O 5. Nbd2 d6 6. h3 Nbd7 7. c3 c5 8. Bd3
cxd4 9. cxd4 Re8 10. Bc4 Nb6 11. Bb3 Bd7 12. O-O Bc6 13. Re1 Rc8 14. e4 Bb5 15.
a4 Ba6 16. a5 Nc4 17. Nxc4 Bxc4 18. Bxc4 Rxc4 19. Qb3 Qc8 20. e5 Nh5 21. exd6
Rc6 22. Ng5 e6 23. d5 Nxf4 24. dxc6 Qxc6 25. Re4 Nd5 26. Rc4 Qxd6 27. Qxb7 Re7
28. Qc8+ Bf8 29. Nxh7 1-0